United States Cities Picture quiz - Statistics

General Stats
  • This quiz has been taken 27 times
  • The average score is 28 of 41
Answer Stats
Picture Answer % Correct
Los Angeles
92%
Seattle
92%
Boston
88%
Chicago
88%
Detroit
88%
Houston
88%
New York City
88%
Philadelphia
88%
Washington DC
88%
Dallas
83%
Miami
83%
Minneapolis
79%
Nashville
79%
New Orleans
79%
Atlanta
75%
Denver
75%
Memphis
75%
Phoenix
75%
Portland
75%
San Diego
75%
Austin
71%
Buffalo
71%
Cleveland
71%
Orlando
71%
Baltimore
67%
Charlotte
67%
Honolulu
67%
Kansas City
67%
Milwaukee
67%
Columbus
63%
Anchorage
58%
Indianapolis
58%
Jacksonville
58%
Sacramento
58%
Oklahoma City
54%
Albuquerque
50%
Louisville
42%
Oakland
42%
Fort Worth
38%
Wichita
38%
Tuscan
0%
No matching quizzes found
Score Distribution
Percent of People with Each Score
Percentile by Number Answered
Your Score History
You have not taken this quiz